000 00525nam a22001937a 4500
003 JO-AjAnu
005 20240805124701.0
008 240805b jo ||||| |||| 00| 0 ara d
020 _a9783030160753
040 _aJO-AjAnu
_beng
_cJO-AjAnu
041 _heng
100 _aMahmoudi Maryam
_eAuthor
_966110
245 _aNutrition and Immunity
_c/ Maryam Mahmoudi and Nima Rezaei
260 _bSpringer,
_c2019
300 _a515 pages
650 _vNutrition
700 _aNima Rezaei
_eEditors
_966111
942 _2lcc
_cBK
_n0
999 _c33619
_d33619